“Perpetuum studium et exercitationem mortificandae carnis”: John Calvin’s View on Habit Formation
Many scholars have argued and assumed that Protestantism broke away from virtue ethics. However, recent scholarship has revealed that it is not necessarily the case. This article’s aim is to go a step further than that. It will explore the subject even more fully by digging deeper into a specific el...
| Main Author: | |
|---|---|
| Format: | Electronic Article |
| Language: | English |
| Check availability: | HBZ Gateway |
| Interlibrary Loan: | Interlibrary Loan for the Fachinformationsdienste (Specialized Information Services in Germany) |
| Published: |
2024
|
| In: |
Journal of reformed theology
Year: 2024, Volume: 18, Issue: 1/3, Pages: 26-49 |
| IxTheo Classification: | FA Theology KAG Church history 1500-1648; Reformation; humanism; Renaissance KDD Protestant Church NBE Anthropology NCA Ethics |
| Further subjects: | B
theology of suffering
B Protestant Ethics B the place of rationality B John Calvin B Virtue Ethics B habit formation |
| Online Access: |
Volltext (lizenzpflichtig) Volltext (lizenzpflichtig) |
MARC
| LEADER | 00000caa a22000002c 4500 | ||
|---|---|---|---|
| 001 | 1891261797 | ||
| 003 | DE-627 | ||
| 005 | 20250225110524.0 | ||
| 007 | cr uuu---uuuuu | ||
| 008 | 240614s2024 xx |||||o 00| ||eng c | ||
| 024 | 7 | |a 10.1163/15697312-bja10062 |2 doi | |
| 035 | |a (DE-627)1891261797 | ||
| 035 | |a (DE-599)KXP1891261797 | ||
| 040 | |a DE-627 |b ger |c DE-627 |e rda | ||
| 041 | |a eng | ||
| 084 | |a 1 |2 ssgn | ||
| 100 | 1 | |a Ha, Sam Neulsaem |e VerfasserIn |0 (orcid)0000-0002-3586-3290 |4 aut | |
| 245 | 1 | 0 | |a “Perpetuum studium et exercitationem mortificandae carnis”: John Calvin’s View on Habit Formation |
| 264 | 1 | |c 2024 | |
| 336 | |a Text |b txt |2 rdacontent | ||
| 337 | |a Computermedien |b c |2 rdamedia | ||
| 338 | |a Online-Ressource |b cr |2 rdacarrier | ||
| 520 | |a Many scholars have argued and assumed that Protestantism broke away from virtue ethics. However, recent scholarship has revealed that it is not necessarily the case. This article’s aim is to go a step further than that. It will explore the subject even more fully by digging deeper into a specific element of virtue ethics in Calvin, namely, his thought on habit formation. I argue that Calvin’s distinctive habit formation plays a significant role in his ethics. In my analysis, although Calvin appreciates the limit of habit’s power, he emphasizes the significance of divinely initiated and guided habit formation. | ||
| 601 | |a Studium | ||
| 650 | 4 | |a Protestant Ethics | |
| 650 | 4 | |a the place of rationality | |
| 650 | 4 | |a theology of suffering | |
| 650 | 4 | |a habit formation | |
| 650 | 4 | |a Virtue Ethics | |
| 650 | 4 | |a John Calvin | |
| 652 | |a FA:KAG:KDD:NBE:NCA | ||
| 773 | 0 | 8 | |i Enthalten in |t Journal of reformed theology |d Leiden : Brill, 2007 |g 18(2024), 1/3, Seite 26-49 |h Online-Ressource |w (DE-627)529765632 |w (DE-600)2316050-0 |w (DE-576)306834308 |x 1569-7312 |7 nnas |
| 773 | 1 | 8 | |g volume:18 |g year:2024 |g number:1/3 |g pages:26-49 |
| 856 | 4 | 0 | |u https://doi.org/10.1163/15697312-bja10062 |x Resolving-System |z lizenzpflichtig |3 Volltext |7 1 |
| 856 | 4 | 0 | |u https://brill.com/view/journals/jrt/18/1-3/article-p26_3.xml |x Verlag |z lizenzpflichtig |3 Volltext |7 1 |
| 935 | |a mteo | ||
| 951 | |a AR | ||
| ELC | |a 1 | ||
| ITA | |a 1 |t 1 | ||
| LOK | |0 000 xxxxxcx a22 zn 4500 | ||
| LOK | |0 001 4538825948 | ||
| LOK | |0 003 DE-627 | ||
| LOK | |0 004 1891261797 | ||
| LOK | |0 005 20240711091451 | ||
| LOK | |0 008 240614||||||||||||||||ger||||||| | ||
| LOK | |0 035 |a (DE-Tue135)IxTheo#2024-06-13#8DB94D9092C61773EBDB1B264315AD900447FA0A | ||
| LOK | |0 040 |a DE-Tue135 |c DE-627 |d DE-Tue135 | ||
| LOK | |0 092 |o n | ||
| LOK | |0 852 |a DE-Tue135 | ||
| LOK | |0 852 1 |9 00 | ||
| LOK | |0 935 |a ixzs |a zota | ||
| LOK | |0 936ln |0 1442044608 |a KAG | ||
| LOK | |0 936ln |0 1442050047 |a KDD | ||
| LOK | |0 936ln |0 1442044020 |a FA | ||
| LOK | |0 936ln |0 1442052465 |a NCA | ||
| LOK | |0 936ln |0 144205168X |a NBE | ||
| LOK | |0 939 |a 14-06-24 |b l01 | ||
| ORI | |a SA-MARC-ixtheoa001.raw | ||